|
|
|
|
| LEADER |
01871nam a2200481 a 4500 |
| 001 |
nkc20061643944 |
| 003 |
CZ PrNK |
| 005 |
20060530094132.0 |
| 007 |
ta |
| 008 |
060221s2005 xr a e p 000 0 cze |
| 015 |
|
|
|a cnb001643944
|
| 020 |
|
|
|a 80-246-1146-5
|q (brož.) :
|c Kč 200,00
|
| 035 |
|
|
|a (OCoLC)83979316
|
| 040 |
|
|
|a BOA001
|b cze
|d ABA001
|d OLA001
|
| 072 |
|
7 |
|a 543
|x Analytická chemie
|2 Konspekt
|9 10
|
| 072 |
|
7 |
|a 37.016
|x Učební osnovy. Vyučovací předměty. Učebnice
|2 Konspekt
|9 22
|
| 080 |
|
|
|a 543.55
|2 MRF
|
| 080 |
|
|
|a (075.8)
|2 MRF
|
| 100 |
1 |
|
|a Barek, Jiří,
|d 1949-
|7 jn20000400068
|4 aut
|
| 245 |
1 |
0 |
|a Elektroanalytická chemie /
|c Jiří Barek, František Opekar, Karel Štulík
|
| 250 |
|
|
|a 1. vyd.
|
| 260 |
|
|
|a Praha :
|b Karolinum,
|c 2005
|
| 300 |
|
|
|a 188 s. :
|b il. ;
|c 30 cm
|
| 490 |
1 |
|
|a Učební texty Univerzity Karlovy v Praze
|
| 500 |
|
|
|a Anglicko-český slovníček
|
| 500 |
|
|
|a 300 výt.
|
| 504 |
|
|
|a Obsahuje bibliografii
|
| 521 |
8 |
|
|a Učební text pro posluchače Přírodovědecké fakulty UK
|
| 550 |
|
|
|a Vydavatel: Univerzita Karlova v Praze
|
| 650 |
0 |
7 |
|a elektroanalytická chemie
|7 ph338527
|2 czenas
|
| 650 |
0 |
9 |
|a electroanalytical chemistry
|2 eczenas
|
| 655 |
|
7 |
|a učebnice vysokých škol
|7 fd133772
|2 czenas
|
| 655 |
|
9 |
|a textbooks (higher)
|2 eczenas
|
| 700 |
1 |
|
|a Opekar, František,
|d 1946-
|7 jk01091177
|4 aut
|
| 700 |
1 |
|
|a Štulík, Karel,
|d 1941-2013
|7 jk01131560
|4 aut
|
| 710 |
2 |
|
|a Univerzita Karlova
|7 kn20010710036
|
| 810 |
2 |
|
|a Univerzita Karlova.
|t Učební texty
|0 s
|
| 856 |
4 |
1 |
|u http://www.digitalniknihovna.cz/mzk/uuid/uuid:8c3fbee0-29a5-11e7-9efd-005056827e52
|y Digitalizovaný dokument
|x NDK
|
| 910 |
2 |
|
|a BOA001
|b 3-1165.433
|
| 990 |
|
|
|a BK
|
| 995 |
|
|
|a 01
|
| 991 |
|
|
|b 200603
|c NOV
|
| 996 |
6 |
|
|b 2610273638
|c 3-1165.433
|l MZK
|r Sklad / do 1 hodiny
|n 14
|p p.v.
|w 000809400
|u 000010
|a 1
|e BOA001
|j MZK50
|s P
|